| 000 | 00488nam a2200181Ia 4500 | ||
|---|---|---|---|
| 005 | 20250508162435.0 | ||
| 008 | 008 250505s9999 xx 000 0 hin d | ||
| 037 | _aTextual | ||
| 040 |
_aFEDL _beng _cFEDL |
||
| 041 |
_ahin _2eng |
||
| 084 |
_a370.15, TIW _qFEDL |
||
| 100 |
_aTiwari Satyavart _9773161 |
||
| 245 | 0 | _aShiksha manovigyan ke mul adhar | |
| 300 | _a443p. | ||
| 650 | _aEducation - Psychology | ||
| 942 |
_cTEXL _h370.15, TIW |
||
| 999 |
_c1376556 _d1376556 |
||